000 005160000a22001810004500
003 MACL
005 20160320153526.0
008 160320b xxu||||| |||| 00| 0 eng d
040 _aMACL
_cMACL
041 _aHindi
082 _a080
100 _aडॉ जे पी जौहरी
_947837
245 _aजीने की समस्‍याएं
260 _bनीरज बुक सेंटर
_c2005
_aदिल्‍ली
350 _a150
650 _aEducation
_947838
942 _cHIN
_k080
_2ddc
999 _c41417
_d41417